000 00558nam a2200181Ia 4500
008 100920s9999 xx 000 0 und d
082 _b58952
_a8 थ 73
100 _aSINGH KARTAR & DHILLON GURDIAL SINGH.
245 _aSTORIES FROM SIKH HISTORY . BOOK-6.
260 _bHEMKUNT PRESS, NEW DELHI.
_c1992
300 _a112
_bसाधी
365 _b16
520 _aहिस्ट्नी.
630 _aSTORIES FROM SIKH HISTORY . BOOK-6.
650 _aहिस्ट्नी.
730 _aSTORIES FROM SIKH HISTORY . BOOK-6.
942 _cBOOK
999 _c702454
_d702451